000 02158nam a2200289Ia 4500
999 _c56129
_d56129
001 23230
003 GE_BSU
005 20251105145025.0
008 181216s1983||||ge |||||||||||||| ||geo||
040 _cGE_BSU
041 _ageo
080 _a94(479.22)"10/12"+352(479.22) ა-66
100 _aანთელავა, ილია
_926163
245 _aსაქართველოს ცენტრალური და ადგილობრივი მმართველობა XI-XIII საუკუნეებში /
_cილია ანთელავა ; რედაქტორი ნ. შენგელია ; მხატვარი ვ. ხმალაძეა ; ქართველოს სსრ მეცნიერებათა აკადემია, ივ. ჯავახიშვილის სახ. ისტორიის, არქეოლოგიისა და ეთნოგრაფიის ინსტიტუტი
264 _aთბილისი :
_bმეცნიერება,
_c1983.
300 _a231 გვ. ;
_c21 სმ.
504 _aბიბლიოგრ. ტექსტის შენიშვნებში
520 _aრეზუმე რუს. ენაზე
541 _h6 ლ.
653 _aსაქართველოს ადგილობრივი მმართველობა
653 _aსაქართველოს ცენტრალური და ადგილობრივი მმართველობა XI-XIII საუკუნეებში
653 _aსაქართველოს ცენტრალური მმართველობა
700 _aშენგელია, ნ.
_eრედაქტორი
_926164
700 _aხმალაძე, ვ.
_eმხატვარი
_918022
710 _aსაქ. სსრ მეცნ. აკადემია
_bივ. ჯავახიშვილის სახ. ისტორიის, არქეოლოგიისა და ეთნოგრაფიის ინ-ტი
_926165
942 _cBK
_2udc